[Event "It"]
[Site "Wijk aan Zee"]
[Date "1999.??.??"]
[Round "?"]
[White "Shirov, Alexei"]
[Black "Reinderman, Dimitri"]
[Result "1-0"]
[WhiteElo "2726"]
[BlackElo "2541"]
[Annotator "NN"]
[PlyCount "89"]
[EventDate "1999.??.??"]
[SourceDate "2003.04.06"]

1. e4 {NUNN, Ribli. NUNN, Ribli: 'Tisdall'} 1... c5 2. Nf3 Nc6 3. Nc3 {
NUNN, Ribli: 'So kann Weis die Sveshnikov-Variante vermeiden. Ribli.'} 3... e6
4. d4 cxd4 5. Nxd4 a6 6. Be2 Nge7 {NUNN, Ribli: 'Eine seinerzeit von Taimanov
in die Turnierpraxis eingefuhrtete Fortsetzung. Die schwarze Hauptidee ist ...
Nxd4 nebst ...Nc6 zu spielen.'} 7. f4 {NUNN, Ribli: 'Dieser Zug fuhrt zu
komplitziertem Spiel und ist daher ganz in Shirovs Sinne. Die Alternativen
sind 7.Nb3, 7.Bf4, 7.Be3 und 7.0-0.'} 7... Nxd4 8. Qxd4 b5 9. O-O Qc7 10. Qf2
Nc6 {NUNN, Ribli: 'Endlich steht der Konigsspringer auf c6, aber es ist
gewohnlich in der Sizilianischen Verteidigung besser, den Springer nach d7 zu
entwickeln, denn jetzt ist das Feld b6 ein wenig schwach.'} (10... b4 11. Na4
Qxc2 12. b3 $5 $44) 11. Be3 Be7 12. a4 {'+/=' NUNN, Ribli.  NUNN, Ribli: 'Das
ist eine typische Methode fur Weis in der Paulsen-Variante.'} 12... b4 (12...
bxa4 {NUNN, Ribli} 13. Rxa4 $36) 13. Nb1 {
NUNN, Ribli: 'Der Springer strebt uber d2 nach c4.'} 13... Rb8 (13... O-O $142
14. Nd2 d5) 14. Nd2 O-O 15. Bd3 d6 (15... d5 $142 $14) 16. Rad1 $1 $146 {
'N' NUNN, Ribli.  NUNN, Ribli: 'Weis hat eine potentielle Angriffsstellung mit
etwas besserem Figurenspiel.'} (16. Qg3 {- 43/228} 16... f5 17. exf5 exf5 18.
Nf3 Bf6 19. Rab1 Ne7 20. Rfe1 Bb7 21. Nd4 Qd7 22. Bf2 Qxa4 23. Nxf5 Nxf5 24.
Bxf5 Rbe8 25. Qd3) 16... b3 $6 {NUNN, Ribli: ''?!' Tisdall.   ' NUNN, Ribli:
'Ein interessantes Bauernopfer, aber ich bin von seiner Korrektheit nicht ganz
uberzeugt.'} (16... Bf6 17. b3 $14) (16... Bf6 $5 {NUNN, Ribli}) 17. cxb3 $1 (
17. Nxb3 Nb4 $44 (17... Bf6 $5 18. Bc1 Nb4)) 17... Bf6 18. Rc1 $1 {'!?' NUNN,
ibli.  NUNN, Ribli: 'Weis gibt den Bauern auf und besetzt die c-Linie.'} (18.
Bb1 {NUNN, Ribli} 18... a5 (18... Bxb2 $2 {NUNN, Ribli} 19. Nc4 $16)) 18...
Bxb2 19. Rc2 Ba3 (19... Bf6 20. Rfc1 Bb7 21. Bxa6 $16 Bxa6 22. Rxc6 Qb7 23. Rb6
Qa8 24. Rxd6 $16) 20. e5 $5 {'!' NUNN, Ribli.} (20. Ra1 Bb4 21. Rac1 Bb7 22.
Bxa6 Bxa6 23. Rxc6 Qa5 (23... Qb7 24. Rc7 $1 Qa8 25. Ra7 Rbc8 26. Rxa8 Rxc1+
27. Nf1 $18) 24. Nc4 Bxc4 25. R6xc4 $16) 20... d5 (20... dxe5 21. Be4 (21. Nc4
{NUNN, Ribli} 21... Rxb3 22. Nxe5 $16 (22. Nxa3 $2 {NUNN, Ribli} 22... Rxd3 $17
)) 21... Bb7 22. Ra1 $18) (20... Qd7 21. Bxh7+ $1 Kxh7 22. Ne4 f6 23. exf6 $40)
21. Nf3 $1 {NUNN, Ribli: 'Tisdall: 'The critical position for one of the most
spectacular games of the event. Since this was not analyzed to death in the
way Kasparov-Topalov was, there is more room here for independent
investigation.'  ' NUNN, Ribli: 'Jeder weise Zug kommt mit Tempo..Schwarz hat
Probleme mit seinen c6-Springer und seiner Konigsstellung.'} 21... Qd7 {
NUNN, Ribli: 'Schwarz entfesselt sich in der c-Linie.'} (21... Rxb3 22. Bxh7+ {
'!' NUNN, Ribli.} 22... Kxh7 23. Nd4 $16 {
NUNN, Ribli: 'Tisdall: '(?!) - Shirov''} (23. Qh4+ $5 {NUNN, Ribli} 23... Kg8
24. Ng5 Re8 (24... Rd8 {NUNN, Ribli} 25. Qh7+ Kf8 26. Qh8+ Ke7 27. Qxg7) 25.
Qh5 $1 Rxe3 26. Rxc6 Qxc6 (26... Qa7 $2 {NUNN, Ribli} 27. Kh1 {seems to help
white. It is better to save a check on a7 for later, since black can hardly
move with his queen needing to defend f7 from a7. For example:} 27... Qd7 28.
f5 {The black queen is misplaced on d7, where it can be hit with fxe6.} 28...
exf5 29. Rf6 $3 {and white crashes through. Poor defence, but it helps to show
some of the themes at work here.}) (26... Qd7 {NUNN, Ribli} 27. f5 Rxe5 28.
fxe6 (28. Qh7+ {NUNN, Ribli} 28... Kf8 29. f6 Qa7+ 30. Kh1 gxf6 {
and white faces an uphill struggle.} 31. Qh6+ (31. Qh8+ {NUNN, Ribli} 31... Ke7
32. Qxf6+ Kd7 {does not seem to lead anywhere.} 33. Rxc8 Rxc8 34. Qxe5 Qf2 $1
$17) 31... Ke7 32. Nxf7 $5 Re1 $5 (32... Rf5 {NUNN, Ribli} 33. Rxf5 exf5 (33...
Qd4 $5 {NUNN, Ribli is far from clear.}) 34. Qg7 $1 {
and black must hope a repetition is the best white can do after} 34... Qb8 $1
35. h3 $5 Kd7 (35... Qb1+ {NUNN, Ribli} 36. Kh2 Qb8+ 37. Nd6+ Ke6 (37... Kd8 {
NUNN, Ribli} 38. Rxc8+) 38. Qf7+) (35... Rg8 $5 {NUNN, Ribli} 36. Qxg8 Qb1+ 37.
Kh2 Qb8+ 38. Qg3 Qxg3+ 39. Kxg3 Bd7 40. Rc7 {and white may be slightly better.}
) 36. Ne5+ Kd8 37. Rd6+ Qxd6 38. Nf7+ Kd7 39. Nxd6+ Kxd6 (39... Re7 {
NUNN, Ribli} 40. Nf7) 40. Qg3+ {and white has the advantage.}) (32... Qf2 $4 {
NUNN, Ribli} 33. Rc7+ Bd7 34. Rxd7+ Kxd7 35. Nxe5+ fxe5 36. Rxf2) 33. Rxe1 Qf2)
28... Qa7+ (28... R5xe6 {NUNN, Ribli} 29. Qh7+ Kf8 30. Nxe6+ Rxe6 31. Rxc8+
Qxc8 32. Qh8+) 29. Kh1 Bxe6) (26... Qb7 $5 {NUNN, Ribli is also possible.}) 27.
Qxf7+ Kh8 28. Qg6 Kg8 29. f5 {
was given in the post mortem, with Shirov having faith in white's attack here.}
) 23... Rb2 $140 {NUNN, Ribli: 'Tisdall' NUNN, Ribli: '(!) was given by Shirov
as pulling the teeth of white's attack, and in the post-mortem he concentrated
on the intricacies of concentrating on the kingside. Understandable, but it
appears that white maintains a clear edge here after'} (23... Rb6 {NUNN, Ribli}
24. a5 $16) 24. Bc1 $1 {NUNN, Ribli: 'intending'} 24... Nxd4 (24... Rxc2 25.
Qxc2+ Kg8 26. Bxa3 Qb6 27. Bxf8 Qxd4+ 28. Kh1 $18) 25. Qh4+ Kg8 26. Rxc7 Ne2+
27. Kh1 Rb1 28. Qf2 Nxc1 29. Qc2 Rb8 30. Rf3 $1 Bb2 31. Rh3 g6 32. Rh6 $18) (
21... Qb7 {(NUNN, Ribli) Tisdall: also confused Shirov during the game, in the
sense that he was extremely unsure whether or not to sacrifice on h7. His
planned} 22. Qh4 h6 (22... g6 {NUNN, Ribli} 23. Qh6) 23. f5 {
appears to give white a fearsome attack.}) 22. Bxh7+ $1 {'->!' NUNN, Ribli. 
NUNN, Ribli: ''!' Tisdall. ' NUNN, Ribli: 'Tisdall: 'OK, we have all seen this
before, but it is equally clear that white's attack is not as straightforward
as it usually is in this attacking formation. Shirov bashed this off without a
second's hesitation, and having seen him attack like this live, I can only
imagine how depressed Reindermann must have been to get this bishop in his
face.   As Shirov explained: "Last year, I failed to win even one spectators'
prize. This year, we're already in the eleventh round and I still hadn't
picked up one of those prizes. So I didn't even want to think about other
moves," he said. ''} (22. Bc5 {NUNN, Ribli} 22... Bxc5 23. Rxc5 $14) 22... Kxh7
23. Qh4+ Kg8 (23... Kg6 $2 {NUNN, Ribli} 24. g4 $18) 24. Ng5 Re8 (24... Rd8 25.
Qh7+ Kf8 26. Qh8+ Ke7 27. Qxg7 $18 Rf8 28. f5 $40) 25. Rf3 $1 {NUNN, Ribli:
''!!' Tisdall. ' NUNN, Ribli: 'Tisdall: 'Most people would have concentrated
on''} (25. Qh7+ {NUNN, Ribli} 25... Kf8 26. Qh8+ Ke7 27. Qxg7 {Tisdall: 'but'}
27... Kd8 $13 {Tisdall: 'does not leave white with a clear continuation of the
attack. Shirov prefers to keep the black king at home.'}) 25... Ne7 $8 (25...
Kf8 $2 {NUNN, Ribli} 26. Nh7+ Kg8 27. Nf6+ {'!' Tisdall.} 27... gxf6 28. Rg3+
Kf8 29. exf6 $18 {Tisdall: 'mates.'}) 26. Qh7+ $1 (26. Rh3 $4 {
(NUNN, Ribli) Tisdall} 26... Ng6 {allows black to set up a defence.}) 26... Kf8
27. Qh8+ $1 Ng8 {NUNN, Ribli: 'Tisdall: 'It is not obvious what white has
achieved by allowing black to bring his knight into the defence. White follows
through with a new series of line-opening sacrifices.''} 28. f5 $1 {NUNN, Ribli
: 'Schwarz hat eine Figur mehr, aber der weise Angriff ist uberzeugend.'} 28...
exf5 (28... Rxb3 $2 29. f6) 29. e6 $1 {
NUNN, Ribli: 'Weis opfert einen weiteren Bauern fur offene Linien.'} (29. Nh7+
$2 Ke7 30. Bg5+ Ke6 31. Qxg7 d4 $1 $13) 29... fxe6 {NUNN, Ribli: 'Tisdall:
'Now white has made space for the bishop to join in the attack, as well as
having ventilated the black kingside, in particular, the second/seventh rank.
''} (29... Rxe6 30. Nh7+ Ke7 31. Bg5+ f6 (31... Kd6 {(NUNN, Ribli) Tisdall} 32.
Bf4+ $18) 32. Qxg8 $18) 30. Rg3 $1 {'+/-' NUNN, Ribli.  NUNN, Ribli: 'Tisdall:
'Now white threatens to blast through to g7, which has added force now that
black's second rank is open. Black's scattered forces make it extremely
difficult to mobilize a defence.''} 30... g6 (30... e5 {NUNN, Ribli} 31. Nh7+
Ke7 32. Rxg7+ Kd6 33. Rg6+ $1 (33. Rxd7+ $16 {NUNN, Ribli}) 33... Re6 (33...
Qe6 {NUNN, Ribli} 34. Qg7 $1 $18) 34. Rxg8 $18) 31. Nh7+ Kf7 (31... Ke7 {
NUNN, Ribli} 32. Bg5+ Kf7 33. Bf6) 32. Bh6 $1 {NUNN, Ribli: ''!' Tisdall. '}
32... Ke7 (32... Nxh6 {NUNN, Ribli} 33. Qf6+ $18 Kg8 34. Rxg6+ Kxh7 35. Rxh6+
Kg8 36. Rh8#) (32... Bf8 {(NUNN, Ribli) Tisdall} 33. Bxf8 Rxf8 34. Rxg6 $1 Qa7+
35. Kh1 Kxg6 36. Nxf8+ Kg5 (36... Kf7 {NUNN, Ribli} 37. Qh7+ Kxf8 38. Qxa7) 37.
Qxg8+ $18 Kf6 38. Nh7+ Ke5 39. Qg3+ f4 40. Re2+ Kd6 41. Qxf4+ Kc6 42. Rc2+) 33.
Bg5+ Kf7 (33... Kd6 34. Bf4+ Ke7 35. Qg7+ Kd8 36. Bc7+) 34. Bf6 $5 {NUNN, Ribli
: 'Weis hat entscheidenden Angriff. Der schwarze Materialvorteil hat da keine
Bedeutung.'} (34. Nf6 $18) 34... Rf8 (34... Bf8 35. Ng5# {#}) (34... e5 35. Rc7
$18) (34... Qa7+ {NUNN, Ribli} 35. Kh1) 35. Rc7 $1 $18 {'!' NUNN, Ribli.  NUNN,
Ribli: 'Ein sehr schoner Zug! Weis opfert noch einen Turm.'} 35... Nxf6 (35...
Qxc7 {NUNN, Ribli} 36. Qg7+ Ke8 37. Qxc7 $18) 36. Qxf6+ Ke8 37. Qxg6+ {
NUNN, Ribli: 'Tisdall: 'Black can no longer avoid massive material losses, and
there are no unexpected technical problems lurking.''} 37... Kd8 (37... Rf7 {
NUNN, Ribli} 38. Nf6+ $18) 38. Rxd7+ Bxd7 39. Nxf8 {'+-' NUNN, Ribli.  NUNN,
Ribli: 'Die Partie ist wegen des grosen weisen Materialvorteils entschieden.'}
39... Bxf8 40. Qf6+ {
NUNN, Ribli: 'Mit einfachen Zugen realisiert Weis sein Ubergewicht.'} 40... Be7
(40... Ke8 {NUNN, Ribli} 41. Rg8 $18) 41. Rg8+ Kc7 42. Qc3+ Kb7 (42... Bc6 {
NUNN, Ribli} 43. Rxb8 $18) 43. Rxb8+ Kxb8 44. h4 Bxh4 45. Qh8+ $18 {Tisdall: 's
o the h-pawn will cost black even more. A textbook attacking game, with a
wealth of instructive, thematic ideas.'} 1-0

[Event "It"]
[Site "Sarajevo"]
[Date "2000.05.24"]
[Round "7"]
[White "Shirov, Alexei"]
[Black "Bareev, Evgeny"]
[Result "1-0"]
[WhiteElo "2751"]
[BlackElo "2709"]
[Annotator "Lukacs"]
[PlyCount "93"]
[EventDate "2000.05.17"]
[SourceDate "2003.04.06"]

1. e4 c6 2. d4 d5 3. e5 Bf5 4. c3 {This is a rather quiet approach from Shirov.
} 4... e6 5. Be3 Qb6 6. Qb3 {White is not against exchanging queens, he wants
to exploit his small space advantage.} 6... h5 (6... Nd7) 7. Nd2 Nh6 (7... Na6
8. Be2 Be7 9. f4 Nh6 10. Bxh5 {White can bravely take the P.} 10... Bg4 11.
Bxg4 Nxg4 12. Qxb6 axb6 13. Nf1 c5 14. Nf3 cxd4 15. Nxd4 Bc5 16. Ke2 Bxd4 17.
Bxd4 $18 {Yakovich-Rahmanov, URS-ch 1986}) (7... Nd7 8. f4 Nh6 (8... Ne7 9.
Ngf3) (8... O-O-O 9. Ngf3 Nh6 10. h3 Be7 11. g3 f6 {
Black has to find counterplay, otherwise he will be pushed to the wall.} 12.
Be2 Rdf8 13. O-O-O Qxb3 14. axb3 a5 $11 {Yakovic-Garcia Gonzales, Sochi 1986})
9. Ngf3 Be7 (9... Bg6 10. g3 (10. Be2 Nf5 11. Bf2 Be7 12. g3 f6 $5 (12... O-O-O
) 13. exf6 gxf6 14. Qc2 $5 Nh4 (14... O-O-O) 15. Bd3 Bxd3 16. Qxd3 Nf5 ({
If Black wants to take the P after} 16... Nxf3+ 17. Nxf3 Qxb2 {
he has to reckon with a strong counterplay after} 18. Rb1 Qxa2 19. Rxb7 $1 (19.
Qg6+ Kd8) 19... Rb8 20. Rxb8+ (20. Qg6+ $6 Kd8 21. Rxb8+ Nxb8 22. O-O Qe2 $132)
20... Nxb8 21. O-O $14) 17. O-O (17. O-O-O $14) 17... Kf7 18. Rae1 Rag8 $2 {
forgets about the vulnerable spot.} (18... Nf8) 19. Rxe6 $1 Kxe6 20. Re1+ Kf7
21. Qxf5 $16 {Palac-Sarno, Aosta op 1990}) 10... Be7 11. h3 O-O-O 12. Qxb6 (12.
Be2) 12... axb6 (12... Nxb6 13. a4 a5 14. Be2 {
with some space advantage for White.}) 13. a4 f5 (13... Kc7 14. Be2 Ra8 15. O-O
Ra5 16. b3 Rha8 17. Rad1 Bc2 18. Rde1 $1 Ba3 19. Ra1 Be7 20. Kg2 Bg6 21. Rad1
Bc2 22. Rde1 $14 {Yudasin}) 14. Ng5 $1 Bxg5 15. fxg5 Ng8 16. Nf3 Ne7 17. Kd2
Kc7 18. Be2 Bf7 19. b3 Ra8 20. Kc2 $14 {
and Black is doomed to passivity, Yudasin-Ponomariov, EUCup Budapest 1999.}) (
9... a5 10. h3 Be7 (10... a4) 11. Be2 a4 12. Qxb6 Nxb6 13. a3 Nd7 14. Bf2 b5
15. O-O-O Nb6 16. Rdg1 Kd7 17. Bh4 Nc4 18. Bxe7 Kxe7 19. g3 Rag8 20. Nxc4 bxc4
21. Rh2 Ra8 (21... f6 $2 {creates weaknesses on the >>.} 22. Bd1 Ra8 23. exf6+
gxf6 24. Nh4 $16 {Aseev-Vyzmanavin, White Knights 1984}) 22. Bd1 Kd7 23. Nh4
Ng8 24. g4 (24. Nxf5 exf5) 24... hxg4 25. hxg4 Be4 26. Rg3 c5 $1 $13) (9... f6
10. h3 Be7 {- 9...Be7}) 10. h3 (10. Be2 a5 (10... Bg6 11. g3 (11. h3 Nf5 12.
Bf2 h4 {blockading the >>.}) 11... h4 $5 (11... Nf5 12. Bf2) 12. Bf2 (12. Nxh4
Bxh4 13. gxh4 Nf5 {and White's P is corrupted.}) 12... Bf5 13. Nxh4 Bxh4 14.
gxh4 Bg4 15. Bd3 (15. Bf1 Bf5 (15... Nf5 16. Rg1) 16. Rg1 Ng4 17. Qxb6 axb6 18.
Nf3 Nf8 19. Bh3 Nh6 20. Bg2 Be4 $44) 15... Bf5 {>< f5} 16. Be2 Bg4 {
1/2:1/2 Kovacevic-Ostojic, Belgrade op 1989}) 11. h3 a4 (11... h4 $2 12. Bf2 {
>< h4}) 12. Qxb6 Nxb6 13. g3 Kd7 14. Kf2 Bxh3 $1 {
This is a nice tactical trick, but even so  White can survive.} (14... Kc7 15.
Kg2 Nd7 16. Nh2 Bg6 17. g4 hxg4 18. hxg4 b5 19. a3 Nb6 $11 {
Pokojowczyk-Dejkalo, POL-ch Poznan 1984}) 15. Rxh3 Ng4+ 16. Kg1 Nxe3 17. Kf2
Ng4+ 18. Kg2 Ne3+ 19. Kf2 Ng4+ (19... Nf5 20. Rah1 h4 (20... g6 21. g4 Ng7 22.
Ng5 $11) 21. gxh4 (21. Nxh4 Nxh4 22. gxh4 a3 23. b3 c5) 21... a3 22. b3 c5 $11)
20. Kg2 Ne3+ {1/2:1/2 Aseev-Asrian, Petrov mem St.Petersburg, 1996}) 10...
O-O-O (10... f6 11. Be2 O-O-O (11... fxe5 12. fxe5 Nf7 13. O-O g5 14. Nh2 Bg6
15. g4 h4 16. Nhf3 O-O 17. c4 Rfc8 18. c5 Qxb3 19. axb3 a6 20. b4 {
White has a big space advantage, but it is not easy to find a breakthrough.}
20... Rab8 21. Ra3 Kg7 22. Rfa1 Rc7 23. Nb3 $1 Nf8 24. Na5 Nh7 25. Bd2 Nd8 26.
Nxb7 $5 Rcxb7 27. Rxa6 $44 {Grigorov-Skalkotas, Nikea op 1985}) 12. O-O-O fxe5
13. fxe5 Nf7 14. Rdf1 Qxb3 15. Nxb3 Rdf8 $11 {
Yudasin-Bagirov, URS-ch Sverdlosk 1984}) 11. Bf2 f6 12. Be2 Rdg8 13. Rg1 Kb8
14. Nh4 fxe5 15. Nxf5 Nxf5 16. fxe5 h4 17. Nf3 Qa5 18. Bd3 Rf8 19. O-O-O $14 {
Gurgenidze-Vasiukov, URS-FL Telavi 1982}) 8. Be2 h4 9. h3 {
fixing the weakness on >< h4.} (9. Qxb6 axb6 10. Bg5 {is met by the prudent}
10... Ng8 11. h3 Ne7 12. Ngf3 Ng6 13. O-O Nd7) 9... Be7 10. Ngf3 Nd7 11. O-O
Bg6 {vacating the square for the N.} 12. Bg5 {The exchange of the dark-squared
B is favourable for White from strategical point of view.} 12... Nf5 13. Bxe7
Nxe7 (13... Qxb3 14. axb3 Kxe7 15. b4 {gaining space also on the <<.} 15... a6
16. Nb3 $14) 14. Qa3 $1 {Now the Q escapes.} 14... Nf5 (14... c5 15. Nb3 Rc8
16. dxc5 Nxc5 17. Nxc5 Rxc5 18. Nd4 {with a strong blockading N on d4.}) 15.
Rac1 a5 (15... c5 {runs into} 16. c4 $1 {and the position will be opened,
which is usually good for the better developed party.}) 16. Rfe1 Ne7 17. Bd1 {
/\ Bc2 exchanging Black's active B.} 17... Ra7 $5 (17... c5 {
opens up the /^ for the opponent's B.} 18. Ba4 Nc6 19. Nb3 c4 20. Nbd2 Bd3 21.
b3 $16) (17... Bh5 18. Bc2 {activates the B.}) 18. Bc2 (18. c4 Qb4) 18... Nf8
19. Ng5 Bxc2 20. Rxc2 Nf5 21. c4 $1 {White has to open up the position.} 21...
Nxd4 22. Rcc1 Rh5 23. Qe3 $1 Ne2+ $1 {Black's defence is on the top!} (23...
Nd7 24. cxd5 cxd5 (24... exd5 $2 25. Nxf7 $1 {and Black will collaps soon.})
25. Rc8+ Ke7 26. Rec1 {with the total control of the only opened <->.} 26... f6
$5 (26... Ra6 27. Rg8 $1 Nc6 28. Qf4 Ncxe5 (28... Ndxe5 29. Rxg7 $18) 29. Rcc8
Nf6 30. Qxe5 Nxg8 31. Rxg8 $18) (26... Nb5 27. Qf4 f6 28. Ndf3 $1 Nxe5 (28...
fxg5 29. Nxg5 $18) 29. Nxe5 Rxg5 30. Nf3 Rf5 31. Qb8 $18) 27. exf6+ gxf6 28.
R1c7 $1 {The penetration of the rooks is decisive.} 28... Rxg5 29. Nb3 Ne2+ (
29... Re5 30. Qxd4 Re1+ 31. Kh2 Qd6+ 32. g3 hxg3+ 33. Kg2 $1 gxf2 34. Qxf2 $16)
(29... Nf3+ 30. Qxf3 Rf5 31. Qe3 $18) 30. Qxe2 Kd6 (30... Re5 31. Qd3) 31. Qc2
a4 32. Nd4 $1 Qxd4 33. Rxd7+ Ke5 34. Rc3 $16 {with a centralized K on e5.}) 24.
Qxe2 Rxg5 25. Nf3 Rh5 26. cxd5 exd5 (26... cxd5 $6 27. Nd4 $1 Qxd4 28. Rc8+ Kd7
(28... Ke7 29. Qxh5) 29. Qc2 $18) 27. e6 (27. Nd4 $5 g6 28. Qg4 Ra8 29. e6 $44
{looks also strong.}) 27... fxe6 (27... Nxe6 28. Nd4 Rh6 (28... Qxd4 29. Qxh5
g6 30. Qh7 Qxb2 {
Black has many pawns for the exchange, but his K is still not quite safe.} (
30... Kf8 31. Rc3 $16) 31. Qg8+ Ke7 32. Qb8 Qb6 33. Rxc6 $1 Qxc6 34. Qxa7 $14)
29. Qe5 Qd8 30. Qxg7 Rg6 31. Rxe6+ $1 Rxe6 32. Nxe6 fxe6 33. Rc3 $1 Qe7 34.
Qg8+ $18) 28. Nd4 Rh6 29. Nf5 Rf6 30. Nxg7+ Kd7 31. Rc3 $1 Qb4 (31... Rg6 32.
Nf5 (32. Rf3 Rxg7 33. Rxf8 Re7 34. Qe5 Qc7 35. Qf6 Qd6 36. Rh8 $14)) 32. Qe3 b6
(32... d4 $2 33. Rd1 c5 34. Qe5 $18) 33. a3 Qe7 (33... Qxb2 $1 {
was the brave alternative.} 34. Rb3 d4 35. Rd1 Kc8 36. Rxd4 $1 Qa1+ 37. Kh2
Rxg7 38. Rxb6 Nd7 39. Rxc6+ Kd8 40. Rdd6 Qb2 41. Qa7 Qe5+ 42. Kg1 Qe1+ 43. Kh2
$11) 34. Qxb6 Rc7 35. Rec1 e5 {#} (35... Qxg7 $2 36. Rxc6 Rxc6 37. Rxc6 $18)
36. Nh5 $6 ({missing the witty} 36. Nf5 $1 Qe6 (36... Rxf5 37. Rxc6 $18) 37.
Nxh4 $16) 36... Rh6 37. b4 axb4 38. axb4 Qg5 39. b5 c5 40. Qa5 Ne6 $2 (40...
Rg6 $1 {with counterattack was required, for example:} 41. g4 hxg3 (41... Qxh5
$2 42. b6 Rc8 43. b7 Rb8 44. Qa7 $18) 42. Nxg3 Ne6 43. b6 Rb7 44. Rxc5 Nxc5 45.
Qxc5 Rgxb6 46. Qxd5+ Ke7 47. Rc8 Rd7 48. Qc5+ Rbd6 $44) 41. b6 $16 Rb7 (41...
Rg6 {is already met by the bright} 42. Nf6+ $1 Kd6 43. Ng4) 42. Qa6 $1 (42.
Rxc5 Nxc5 43. Qxc5 Rhxb6 44. Qxd5+ Ke7 $11) 42... Nd8 (42... Kc6 43. Qa8 Rhh7
44. Qc8+ Kd6 45. Rxc5 $1 {ruining the last bastions.} 45... Nxc5 46. Qxc5+ Ke6
47. Qc6+ Kf5 48. g4+ $18) 43. Rxc5 Rhxb6 (43... Ke8 44. f4 $1 Qxh5 45. Rxd5 $18
) 44. Rxd5+ Ke7 45. Qa3+ Kf7 46. Qf3+ Kg6 47. Rc4 1-0

[Event "It"]
[Site "Merida"]
[Date "2000.06.14"]
[Round "2"]
[White "Shirov, Alexei"]
[Black "Polgar, Ju"]
[Result "1-0"]
[WhiteElo "2751"]
[BlackElo "2658"]
[PlyCount "95"]
[EventDate "2000.06.20"]
[SourceDate "2003.04.06"]

1. e4 c5 2. Nf3 e6 3. d4 cxd4 4. Nxd4 a6 5. Bd3 Qb6 6. Nb3 Qc7 7. f4 Nf6 8. Qe2
d5 9. e5 Nfd7 10. O-O Nc6 11. Be3 g5 12. f5 Ndxe5 13. Bxg5 Rg8 14. Bf4 Bd7 15.
fxe6 Bxe6 16. Bxh7 Rh8 17. Bf5 O-O-O 18. Bxe6+ fxe6 19. N1d2 Bd6 20. g3 Qh7 21.
c3 Nd3 22. Bxd6 Rxd6 23. Rf6 Nxb2 24. Raf1 Na4 25. R1f3 Kb8 26. R6f4 Nb6 27.
Nc5 Nd8 28. Ndb3 Nc4 29. Rh4 Qg7 30. Rxh8 Qxh8 31. Qf2 Qg7 32. Nd4 Qc7 33.
Ncxe6 Rxe6 34. Nxe6 Nxe6 35. Rf5 Qh7 36. g4 Kc8 37. h4 Qg6 38. Qf3 Ne3 39. Rf6
Qb1+ 40. Kh2 Qe1 41. Kh3 Kd7 42. g5 Qg1 43. g6 Nc5 44. Rf7+ Kc6 45. Qg3 Qh1+
46. Qh2 Qc1 47. g7 Qxc3 48. Qg3 1-0

[Event "It"]
[Site "Merida"]
[Date "2000.06.19"]
[Round "6"]
[White "Shirov, Alexei"]
[Black "Akopian, V."]
[Result "1-0"]
[WhiteElo "2751"]
[BlackElo "2660"]
[PlyCount "93"]
[EventDate "2000.06.20"]
[SourceDate "2003.04.06"]

1. e4 e6 2. d4 d5 3. Nc3 Bb4 4. e5 c5 5. a3 Ba5 6. b4 cxd4 7. Qg4 Ne7 8. bxa5
dxc3 9. Qxg7 Rg8 10. Qxh7 Nbc6 11. Nf3 Qc7 12. Bf4 Bd7 13. Bg3 O-O-O 14. Bd3
Qxa5 15. O-O Qc5 16. Qxf7 Rdf8 17. Qh7 Rxf3 18. gxf3 Nxe5 19. Be2 d4 20. Rfe1
Bc6 21. Kf1 Nxf3 22. Bxf3 Bxf3 23. Re5 Bd5 24. Kg1 Kd7 25. Rd1 Qxa3 26. Qh4 Qa4
27. Rxe6 Rxg3+ 28. hxg3 Nf5 29. Qh7+ Kxe6 30. Qg6+ Kd7 31. Qxf5+ Kc6 32. Qf6+
Kc5 33. Qe7+ Kc4 34. Qe5 Kc5 35. f4 b5 36. f5 Kc6 37. Qf6+ Kc5 38. Qe5 Kc6 39.
Rxd4 Qa1+ 40. Kf2 Qh1 41. Rxd5 Qxd5 42. Qxc3+ Kd6 43. Qd3 a5 44. Ke3 a4 45.
Qxd5+ Kxd5 46. Kd2 b4 47. Kc1 1-0

[Event "It"]
[Site "Polanica Zdroj"]
[Date "2000.08.25"]
[Round "8"]
[White "Shirov, Alexei"]
[Black "Van Wely, Loek"]
[Result "1-0"]
[WhiteElo "2746"]
[BlackElo "2643"]
[PlyCount "65"]
[EventDate "2000.08.26"]
[SourceDate "2003.04.06"]

1. e4 c5 2. Nf3 d6 3. d4 cxd4 4. Nxd4 Nf6 5. Nc3 a6 6. Be3 e6 7. g4 e5 8. Nf5
g6 9. g5 gxf5 10. exf5 d5 11. Qf3 d4 12. O-O-O Nbd7 13. Bd2 Qc7 14. gxf6 dxc3
15. Bxc3 Qc6 16. Qg3 Bh6+ 17. Kb1 Bf4 18. Qd3 O-O 19. Rg1+ Kh8 20. Bb4 Rg8 21.
Rxg8+ Kxg8 22. Be7 h6 23. Be2 Nxf6 24. Qd8+ Kh7 25. Qf8 Be6 26. Qxa8 Bxf5 27.
Ka1 Nd5 28. Qf8 Qe6 29. Bc5 Bxc2 30. Rg1 Bg6 31. h4 Bh2 32. Rd1 Nf4 33. Rd8 1-0